00575nam a2200133Ia 450000500170000000800410001702000150005808200130007324500410008626000530012730000180018050002220019870000210042020250107021245.0240331s9999 xx 000 0 und d a8185952485 bLIFa950 0aLife and Works of Saadat Hasan Manto aShimlabIndian Institute of Advanced Studyc1997 axii, 219 p ., aThis volume brings together a collection of essays by literary critics, historians and sociologists presented at a seminar on the life and works of Saadat Hasan Manto held at the Institute of Advanced study in 1996. aBhalla, A. eedt